| 000 | 00572nam a22002057a 4500 | ||
|---|---|---|---|
| 003 | OSt | ||
| 005 | 20140310181916.0 | ||
| 008 | 130716t xxu||||| |||| 00| 0 eng d | ||
| 020 | _a817488386X | ||
| 050 |
_aLB 1027.5 _b.Ed24 1998 |
||
| 082 |
_aTR 370 _bEd8 1998 |
||
| 245 |
_aEducation : _ba vision / _ceditor-in -chief Laxmi Devi. |
||
| 260 |
_aNew Delhi : _bAnmol Pub. Put, Ltd, _c1998. |
||
| 300 |
_aIx, 411 p. : _bill. ; _c25 cm. |
||
| 520 | _a1. Education 2. Devi, Laxmi | ||
| 521 | _aTeachers | ||
| 541 | _j1 | ||
| 562 | _e1 | ||
| 942 |
_2lcc _cBK-TR _kTR |
||
| 999 |
_c6749 _d6749 |
||